Transport of sequence-specific RNA interference information between cells /

Đã lưu trong:
Sonraí Bibleagrafaíochta
Príomhúdar: Jose, Antony M.
Údair Eile: Hunter, Craig P.
Formáid: Bài viết
Teanga:English
Ábhair:
Clibeanna: Cuir Clib Leis
Gan Chlibeanna, Bí ar an gcéad duine leis an taifead seo a chlibeáil!
Thư viện lưu trữ: Thư viện Trường Đại học Đà Lạt
LEADER 00858nam a2200301 4500
001 DLU090067065
005 ##20090424
040 # # |a DLU  |b eng 
041 # # |a eng 
044 # # |a US 
100 # # |a Jose, Antony M. 
245 # # |a Transport of sequence-specific RNA interference information between cells /  |c Antony M. Jose, Craig P. Hunter. 
653 # # |a DsRNA import 
653 # # |a Endocytosis 
653 # # |a Epigenetics 
653 # # |a Gene silencing 
653 # # |a SiRNA 
700 # # |a Hunter, Craig P. 
773 # # |t Annual Review of Genetics  |g Vol. 41 (2007), p. 305-330 
920 # # |a Phòng Tạp chí -- Trung tâm Thông tin - Thư viện Trường Đại học Đà Lạt 
994 # # |a DLU 
900 # # |a True 
911 # # |a Trương Bảo Trâm Anh 
925 # # |a G 
926 # # |a A 
927 # # |a BB 
980 # # |a Thư viện Trường Đại học Đà Lạt